Hongrois célèbres par images - Statistiques

Statistiques générales
  • Ce quiz a été pris 79 fois
  • Le résultat moyen est 3 sur 12
Statistiques - réponses
Par images Réponse % Correct
Ferenc Puskás
86%
Viktor Orbán
70%
Ernő Rubik
68%
Franz Liszt
32%
Attila
28%
Georges Soros
13%
Dennis Gabor
10%
Eva Gabor
10%
Edward Teller
4%
Zoltán Kodály
3%
Charles Simonyi
0%
Michael Curtiz
0%
Aucun quiz correspondant
Distribution des résultats
% des personnes avec chaque résultat
Percentile par nombre de réponses
Votre historique - résultats
Vous n’avez pas pris ce quiz